Strategic management planning (Record no. 2446)

MARC details
000 -LEADER
fixed length control field 00565nam a22002177a 4500
003 - CONTROL NUMBER IDENTIFIER
control field OSt
005 - DATE AND TIME OF LATEST TRANSACTION
control field 20151211173246.0
008 - FIXED-LENGTH DATA ELEMENTS--GENERAL INFORMATION
fixed length control field 151106b xxu||||| |||| 00| 0 eng d
020 ## - INTERNATIONAL STANDARD BOOK NUMBER
International Standard Book Number 9781856176170
040 ## - CATALOGING SOURCE
Transcribing agency DCC
082 ## - DEWEY DECIMAL CLASSIFICATION NUMBER
Classification number 658.4 GIL 2009
100 ## - MAIN ENTRY--PERSONAL NAME
Personal name GILLIGAN,COLIN;WILSON .M.S.RICHARD
9 (RLIN) 6017
245 ## - TITLE STATEMENT
Title Strategic management planning
250 ## - EDITION STATEMENT
Edition statement 2nd ed
260 ## - PUBLICATION, DISTRIBUTION, ETC. (IMPRINT)
Place of publication, distribution, etc. London
Name of publisher, distributor, etc. B H
Date of publication, distribution, etc. 2009
300 ## - PHYSICAL DESCRIPTION
Extent x,552;
Other physical details ill:
Dimensions 40cm
504 ## - BIBLIOGRAPHY, ETC. NOTE
Bibliography, etc includes Bibliography and Index
650 ## - SUBJECT ADDED ENTRY--TOPICAL TERM
Topical term or geographic name as entry element Marketing
9 (RLIN) 518
650 ## - SUBJECT ADDED ENTRY--TOPICAL TERM
Topical term or geographic name as entry element Management
9 (RLIN) 364
942 ## - ADDED ENTRY ELEMENTS (KOHA)
Source of classification or shelving scheme Dewey Decimal Classification
Koha item type Short Loan
Holdings
Withdrawn status Lost status Source of classification or shelving scheme Damaged status Not for loan Home library Current library Date acquired Source of acquisition Inventory number Total Checkouts Full call number Barcode Date last seen Koha item type
    Dewey Decimal Classification     MUST Main Library MUST Main Library 06/11/2015   10/32766   658.4 GIL 2009 2015-2466 06/11/2015 Short Loan